000 00984nam a2200253Ia 4500
003 OSt
005 20220923211053.0
006 a|||||r|||| 00| 0
007 ta
008 220922b |||||||| |||| 00| 0 hin d
020 _a817714149X (hbk)
_c150
024 _a234,429
037 _b298, 11/03/2008, Swaraj Prakashan
_cTextual
040 _aARTS
_cARTS
_bhin
041 _2hin
_ahin
082 _aO152,3M80:g(W94), P4
100 _aश्रीवास्तव, जितेन्द्र
_9157857
245 0 _aभारतीय राष्ट्रवाद और प्रेमचन्द
246 _aBhāratīya rāṣhṭravād aur premachanda
260 _aनई दिल्ली
_b प्रकाशन संस्थान
_c2004
300 _a128पृ.
_ccm.
942 _hO152,3M80:g(W94), P4
_cTEXL
_2CC
999 _c294800
_d294800